5HLuxD.jpg

KING HENRY VIII SENIOR AND PRIMARY SCHOOL LIBRARY OPAC

Pop / (Record no. 557)

000 -LEADER
fixed length control field 00963nam a22002417a 4500
005 - DATE AND TIME OF LATEST TRANSACTION
control field 20190821145930.0
008 - FIXED-LENGTH DATA ELEMENTS--GENERAL INFORMATION
fixed length control field 190821b ||||| |||| 00| 0 eng d
020 ## - INTERNATIONAL STANDARD BOOK NUMBER
International Standard Book Number 9780061742613
040 ## - CATALOGING SOURCE
Transcribing agency KH8
082 ## - DEWEY DECIMAL CLASSIFICATION NUMBER
Classification number FIC KOR
100 ## - MAIN ENTRY--PERSONAL NAME
Personal name Korman, Gordon
245 ## - TITLE STATEMENT
Title Pop /
Statement of responsibility, etc. Gordon Korman
260 ## - PUBLICATION, DISTRIBUTION, ETC.
Place of publication, distribution, etc. New York :
Name of publisher, distributor, etc. Balzer + Bray,
Date of publication, distribution, etc. 2011, ©2009.
300 ## - PHYSICAL DESCRIPTION
Extent 260, 7 pages ;
Dimensions 21 cm.
500 ## - GENERAL NOTE
General note Reprint. Originally published: ©2009. With additional material.<br/>Includes author interview.
520 ## - SUMMARY, ETC.
Summary, etc. Lonely after a midsummer move to a new town, sixteen-year-old high-school quarterback Marcus Jordan becomes friends with a retired professional linebacker who is great at training him, but whose childish behavior keeps Marcus in hot water.
650 ## - SUBJECT ADDED ENTRY--TOPICAL TERM
Topical term or geographic name entry element Football stories.
650 ## - SUBJECT ADDED ENTRY--TOPICAL TERM
Topical term or geographic name entry element Alzheimer's disease
Form subdivision Fiction.
650 ## - SUBJECT ADDED ENTRY--TOPICAL TERM
Topical term or geographic name entry element High schools
Form subdivision Fiction.
650 ## - SUBJECT ADDED ENTRY--TOPICAL TERM
Topical term or geographic name entry element Divorce
Form subdivision Fiction.
650 ## - SUBJECT ADDED ENTRY--TOPICAL TERM
Topical term or geographic name entry element Moving, Household
Form subdivision Fiction.
942 ## - ADDED ENTRY ELEMENTS (KOHA)
Source of classification or shelving scheme
Koha item type Books - Fiction
Holdings
Withdrawn status Lost status Source of classification or shelving scheme Damaged status Not for loan Collection code Permanent Location Current Location Shelving location Date acquired Full call number Barcode Date last seen Price effective from Koha item type
          Fiction KH8 Senior School Library KH8 Senior School Library Fiction 2019-08-21 FIC KOR 3KHSL000101159 2024-07-17 2019-08-21 Books - Fiction

Powered By KH8 IT Dept